000 003360000a22000970004500
100 1 _aMolano Bravo, Alfredo
245 1 0 _aPaso de vencedores : Alfredo Molano recuperó los pasos de la gesta libertadora en su paso por el páramo de Pisba
300 _aVol. 113, Num. 113 (Agosto, 1995), Páginas 60-64
773 0 _tCambio 16
942 _cANA
999 _c58809
_d58809